000 00990nam a22002897a 4500
005 20170828160915.0
008 170828b1985 ck ||||| |||| 00| 0 spa d
040 _aCO-BoIAVH
_cCO-BoIAVH
041 _aspa
044 _ack
082 _a551.48
_bS93e
100 _aSturm Helmut
245 1 0 _aEcología de los Páramos andinos
_buna visión integrada
260 _aBogotá:
_bUniversidad Nacional de Colombia,
_c1985.
300 _a292. páginas
_c24 x 16 cm
490 _aSerie Biblioteca Jose Jeronimo triana, Instituto de Ciencias Naturales, Universidad Nacional de Colombia
_v9
650 1 4 _aPáramos andinos
_vAspectos climáticos
650 1 4 _aPáramos
_vPrecipitación
650 1 4 _aPáramos
_vEcológia
650 1 4 _aMacro clima
650 1 4 _aMesoclima
650 1 4 _aTemperatura
650 1 4 _aSuelos de páramo
650 1 4 _aSuelos de Bosque
700 _aRangel, Orlando
942 _2ddc
_cLIBRO
999 _c19778
_d19778